Quel héros Marvel se cache derrière ce costume ? (MCU) - Statistiques

Statistiques générales
  • Ce quiz a été pris 111 fois
  • Le résultat moyen est 12 sur 16
Statistiques - réponses
Par images Réponse % Correct
Thor
100%
Loki
96%
Captain Marvel
93%
Ant man
92%
Captain America
91%
Dr strange
90%
Black panther
89%
Hawkeye
88%
Black widow
87%
Moon Knight
79%
La sorcière rouge
72%
Miss Marvel
71%
Shang chi
69%
Le soldat de l'hiver
67%
Mighty Thor
38%
Photon
9%
Aucun quiz correspondant
Distribution des résultats
% des personnes avec chaque résultat
Percentile par nombre de réponses
Votre historique - résultats
Vous n’avez pas pris ce quiz